The last dynasty of the angels / (Record no. 34)
[ view plain ]
| 000 -LEADER | |
|---|---|
| fixed length control field | 00495cam a2200169 4500 |
| 001 - CONTROL NUMBER | |
| control field | 41 |
| 008 - FIXED-LENGTH DATA ELEMENTS--GENERAL INFORMATION | |
| fixed length control field | 981028s1998 ilu 000 1 eng |
| 010 ## - LIBRARY OF CONGRESS CONTROL NUMBER | |
| LC control number | 98068080 |
| 020 ## - INTERNATIONAL STANDARD BOOK NUMBER | |
| International Standard Book Number | 0966801504 |
| 041 ## - LANGUAGE CODE | |
| Language code of text/sound track or separate title | eng |
| Language code of original | gre |
| 100 1# - MAIN ENTRY--PERSONAL NAME | |
| Personal name | Papadopoulos, George. |
| 245 14 - TITLE STATEMENT | |
| Title | The last dynasty of the angels / |
| Statement of responsibility, etc. | George Papadopoulos ; translated from the Greek by Charles Moore. |
| 250 ## - EDITION STATEMENT | |
| Edition statement | 1st ed. |
| 260 ## - PUBLICATION, DISTRIBUTION, ETC. | |
| Place of publication, distribution, etc. | Chicago, Ill. : |
| Name of publisher, distributor, etc. | OceanTides Pub., |
| Date of publication, distribution, etc. | 1998. |
| 300 ## - PHYSICAL DESCRIPTION | |
| Extent | 338 p. ; |
| Dimensions | 23 cm. |
| 700 1# - ADDED ENTRY--PERSONAL NAME | |
| Personal name | Moore, Charles. |
| Withdrawn status | Lost status | Source of classification or shelving scheme | Damaged status | Not for loan | Collection code | Home library | Current library | Shelving location | Date acquired | Serial Enumeration / chronology | Inventory number | Total Checkouts | Full call number | Barcode | Date last seen | Date last checked out | Price effective from | Koha item type |
|---|---|---|---|---|---|---|---|---|---|---|---|---|---|---|---|---|---|---|
| Dewey Decimal Classification | Fiction | RTC Library | RTC Library | Fiction | 27/11/2018 | 1653 | 2 | FIC 813.54 PAP | 30000948 | 13/12/2022 | 30/09/2021 | 27/11/2018 | Fiction |